| 000 | 00389nam a22001457a 4500 | ||
|---|---|---|---|
| 999 |
_c4367 _d4367 |
||
| 008 | 200803b ||||| |||| 00| 0 eng d | ||
| 082 | 0 | 0 |
_a604.2 _bN624 |
| 100 |
_9972 _aNicholson, Fred. |
||
| 245 | 1 | 0 |
_aTeachers manual for mechanical drawing _cby Fred. Nicholson |
| 260 |
_aToronto _bVan-Nostrand _c1948 |
||
| 300 | _a100 p. | ||
| 365 | _d1.02 | ||
| 650 | 0 | _aMechanical Drawing | |
| 942 | _cBK | ||